000
00303 a2200133 4500
001
38283
082
_a
515.7222 MAR
090
_c
24331
_d
24331
100
_a
Marple L.S
245
_a
Digital spectral analysis
250
_a
1
260
_a
USA
_b
Prentice Hall, USA Wesley
_c
1994
300
_a
492p
942
_a
NUST-CAE
_k
515.7222 MAR
999
_c
273356
_d
273356